000 01180naa a22003257a 4500
001 BR7804722
003 BR-BrBNA
005 20240918174137.0
007 ta
008 230509b bl.||||| |||| 00| 0 por d
040 _aBR-BrBNA
_bpor
_cBiblioteca Nacional de Agricultura
041 _a(Pt)
072 _aE15; L00
_b9410
_b5212
_bG514
090 _aE15 BR7804722
100 1 _aAlcantara, M.J. de
111 1 _aEncontro sobre Pecuaria Leiteira
_cSao Carlos, SP (Brazil)
_d23 Apr 1978
245 1 _aCusto operacional de leite B. Fazenda Piedade - Cacapava - Sao Paulo - ano civil 1977 [Microeconomia; Producao animal; Brasil]
260 3 _aSao Carlos, SP (Brasil):
_c1978.
500 _aAnais do Encontro sobre Pecuaria Leiteira Sao Carlos, SP (Brasil): 1978. p. 97-100 (BR7804722-AM)E15
650 _aMicroeconomia
650 _aProducao animal
650 _aLeite
650 _aGado leiteiro
650 _aCusto operacional
650 _aProducao leiteira
650 _aSao Paulo
773 0 _tAnais do Encontro sobre Pecuaria Leiteira
_wE15 BR7804722
_gSao Carlos, SP (Brasil), 1978. p. 97-100
909 _a202404
_bLucia
_c55
_dLucia Elande
942 _cAM
_2AGRIS
999 _c309187
_d309187